| 000 | 00882nam a2200241Ia 4500 | ||
|---|---|---|---|
| 003 | IN-BaIIA | ||
| 008 | 211028s9999 xx s 000 0 eng d | ||
| 020 | _a978-1-4614-4336-0 (Print) | ||
| 020 | _a978-1-4614-4337-7 (Online) | ||
| 040 | _cIIA Library | ||
| 100 |
_aUeda, Osamu _939078 |
||
| 245 | 0 |
_aMaterials and Reliability Handbook for Semiconductor Optical and Electron Devices _h[eBook] |
|
| 260 |
_aNew York _bSpringer New York _c2013 |
||
| 300 | _aOnline resource | ||
| 650 |
_a Electronic Circuits and Devices _938434 |
||
| 650 |
_a Electronics and Microelectronics, Instrumentation _938587 |
||
| 650 | _a Optical and Electronic Materials | ||
| 650 | _a Optics, Lasers, Photonics, Optical Devices | ||
| 650 |
_aPhysics _973 |
||
| 700 |
_aPearton, Stephen J. _939079 |
||
| 856 |
_uhttp://doi.org/10.1007/978-1-4614-4337-7 _yClick Here to Access eBook |
||
| 942 | _cEB | ||
| 999 |
_c21085 _d21085 |
||